| 000 | 00555nam a2200181Ia 4500 | ||
|---|---|---|---|
| 008 | 090630s9999 xx 000 0 und d | ||
| 082 | _b12824 | ||
| 100 | _aशिरोडकर रजनी. | ||
| 245 |
_aसाफल्य. _cशिरोडकर रजनी. |
||
| 260 |
_bप्रिया. _c1987 |
||
| 300 | _a199 | ||
| 600 | _aशिरोडकर रजनी. | ||
| 630 | _aसाफल्य. | ||
| 655 | _aकादंबरी. | ||
| 700 | _aशिरोडकर रजनी. | ||
| 730 | _aसाफल्य. | ||
| 942 | _cBOOK | ||
| 999 |
_c264680 _d264680 |
||